00423cam a22000977a 4500008004000000082001400040245012300054260006800177300001000245700007000255180718b1954 xxu||||| |||| 00| 0 eng d aDx42 Un3h aBritish Foreign Policy: a brief collection of fact and quotationcby Reference Division, Central Office of Information aLondonbReference Division. Central Office of Informationc1954 a19+p. aUnited Kingdom. Central Office of Information. Reference Division